Conferencia internacional sobre la Contribución de la Planificación Familiar a la Salud de la Mujer y del Niño
Sábháilte in:
| Údar corparáideach: | |
|---|---|
| Formáid: | Téacs |
| Foilsithe / Cruthaithe: |
Nairobi:
s.e.
|
| Clibeanna: |
Cuir clib leis
Níl clibeanna ann, Bí ar an gcéad duine le clib a chur leis an taifead seo!
|
MARC
| LEADER | 00000 a a2200000 04500 | ||
|---|---|---|---|
| 001 | 25146 | ||
| 003 | |||
| 040 | |||
| 090 | |a 179400 | ||
| 110 | |a Consejo de Población | ||
| 245 | |a Conferencia internacional sobre la Contribución de la Planificación Familiar a la Salud de la Mujer y del Niño | ||
| 260 | |a Nairobi: |b s.e. | ||
| 300 | |a 45 p. | ||
| 999 | |c 12306 |d 12306 | ||
